| 000 | 00423nam a2200121Ia 4500 | ||
|---|---|---|---|
| 008 | 250110s9999 xx 000 0 und d | ||
| 041 | _aeng | ||
| 100 |
_aAmbatkar Vaidehi _9184207 |
||
| 245 | _aWalking Throught The Urban Heritage : Creating A Landscape Experience For Streetscapes And Heritage Walks | ||
| 260 |
_bBNCA M Arch Landscape Architecture, Pune _c2021 |
||
| 300 | _a87p | ||
| 700 | _aGuide Name:Sahasrabuddhe Swati | ||
| 999 |
_c364626 _d364626 |
||